Distributed antenna systems: open architecture for future wireless communications

Guardat en:
Dades bibliogràfiques
Autors principals: Hu, Honglin (Autor), Zhang, Yan (Autor), Luo, Jijun (Autor)
Format: Llibre
Idioma:anglès
Publicat: Boca Ratón Auerbach Publications 2007
Edició:1a. ed
Col·lecció:Wireless Networks and Mobile Communications
Matèries:
Etiquetes: Afegir etiqueta
Sense etiquetes, Sigues el primer a etiquetar aquest registre!

MARC

LEADER 00000cam a2200000 a 4500
001 UCF2559
003 CL-VaPUC
008 120830e20070000US |||||||||||||||||eng|d
020 |a 1420042882 
082 0 4 |a 621.3824  |b HUH  |2 21 
100 0 |a Hu, Honglin  |e author  |9 564231 
700 0 |a Zhang, Yan  |e author  |9 564232 
700 0 |a Luo, Jijun  |e author  |9 564233 
245 1 0 |a Distributed antenna systems: open architecture for future wireless communications 
250 |a 1a. ed 
300 |a 470 p 
942 |c BK 
945 |d 20120830 00:00:00  |a cmena 
260 |a Boca Ratón  |b Auerbach Publications  |c 2007 
650 0 |a Antenas  |9 263309 
650 0 |a Propagación de ondas  |9 263256 
650 7 |a BANDA ANCHA  |2 CL-VaPUC  |9 471403 
650 7 |a PROTOCOLOS DE COMUNICACION  |2 CL-VaPUC  |9 564234 
583 |a last modification  |c 20120830 10:25:00  |k Rodrigo Vera 
490 0 |a Wireless Networks and Mobile Communications 
999 |c 349101  |d 349099 
952 |0 0  |1 0  |4 0  |6 621_382400000000000_HUH_2007  |7 0  |8 A  |9 451519  |a BIBING  |b BIBING  |d 2019-11-22  |i 4898524  |o 621.3824 HUH 2007  |p 4898524  |r 2025-01-20  |w 2019-11-22  |y BK  |k EIE